000 00715nam a2200265Ia 4500
003 OSt
005 20220925194553.0
006 a|||||r|||| 00| 0
007 ta
008 220923b |||||||| |||| 00| 0 eng d
020 _a0745606679
037 _cGeneral Book
040 _aRTL
_cRTL
_beng
041 _2eng
_aeng
082 _aY:45, N9
100 _aTaylor Ian
_915354
245 0 _aCrime in context
_b A critical riminology of market
260 _aCambridge
_bPolity Press
_c1999
300 _avii, 304p
_ccm.
500 _aBibliography: P 265-94
650 _a Sociology
650 _aCrime
_9237672
942 _hY:45, N9
_cGB
_2CC
999 _c530009
_d530009